<?xml version="1.0" encoding="UTF-8"?>
<marc:record xmlns:marc="http://www.loc.gov/MARC21/slim">
   <marc:leader>00000nam a2200000 a 4500</marc:leader>
   <marc:datafield ind1="1" ind2=" " tag="100">
      <marc:subfield code="a">Osborne, Mary Pope</marc:subfield>
      <marc:subfield code="4">aut</marc:subfield>
      <marc:subfield code="e">Verfasser/-in</marc:subfield>
   </marc:datafield>
   <marc:datafield ind1="1" ind2=" " tag="100">
      <marc:subfield code="a">Knipping, Jutta</marc:subfield>
   </marc:datafield>
   <marc:datafield ind1="1" ind2=" " tag="100">
      <marc:subfield code="a">Rahn, Sabine</marc:subfield>
   </marc:datafield>
   <marc:datafield ind1="0" ind2="0" tag="245">
      <marc:subfield code="a">Das magische Baumhaus junior</marc:subfield>
   </marc:datafield>
   <marc:datafield ind1="0" ind2="0" tag="245">
      <marc:subfield code="b">auf den Spuren des verzauberten Einhorns : Band 33</marc:subfield>
   </marc:datafield>
   <marc:datafield ind1="0" ind2="0" tag="245">
      <marc:subfield code="c">Mary Pope Osborne ; aus dem Amerikanischen übersetzt von Sabine Rahn ; illustriert von Jutta Knipping</marc:subfield>
   </marc:datafield>
   <marc:datafield ind1=" " ind2="1" tag="264">
      <marc:subfield code="a">Bindlach</marc:subfield>
      <marc:subfield code="b">Loewe</marc:subfield>
      <marc:subfield code="c">2023</marc:subfield>
   </marc:datafield>
   <marc:datafield ind1="1" ind2=" " tag="490">
      <marc:subfield code="a">¬Das¬ magische Baumhaus junior</marc:subfield>
      <marc:subfield code="v">33</marc:subfield>
   </marc:datafield>
   <marc:datafield ind1="1" ind2=" " tag="520">
      <marc:subfield code="a">Spannende Befreiung eines verzauberten Einhorns. (ab 6) (JE) Das magische Baumhaus schickt die Geschwister Anne und Philipp dieses Mal ins verschneite New York des Jahres 1938. Ihre Mission ist es, ein über 400 Jahre lang verzaubertes Einhorn zu befreien. Angeleitet durch die Hinweise ihres Zauberbuches gelangen die Kinder an Orte, die sie scheinbar in die Irre leiten sollen. Zwei rätselhafte Verfolger sind ihnen dabei dicht auf den Fersen, denn auch sie haben Interesse am Einhorn, jedoch verfolgen sie eher böswillige Absichten. Letztlich gelingt es den beiden Geschwistern, das Einhorn dem guten Zauberer Merlin zu übergeben. Als Dankeschön erhalten sie den Dianthus-Zauberstab, der ihnen bei ihren kommenden Abenteuern helfen soll. Der 33. Band der beliebten Reihe ist ein guter Mix aus fantastischer Abenteuererzählung und geschichtlichem Sachbuch. Der Streifzug durch das New York von 1938 zeigt bemerkenswerte klimatische Besonderheiten (Schneestürme), kulturelle Stätten, die noch heute existieren, und das damalig modernste Massentransportmittel &#x96; die Subway. Der Spannungsbogen wird über das gesamte Buch erstaunlich gut aufrechterhalten. Anschauliche Illustrationen und mittellange Textblöcke stehen in einem guten Verhältnis zueinander. Als Vorlesebuch empfohlen ab 6 Jahren, für Erstleser*innen ab 8 Jahren.</marc:subfield>
   </marc:datafield>
   <marc:datafield ind1=" " ind2=" " tag="020">
      <marc:subfield code="a">9783743212800</marc:subfield>
      <marc:subfield code="9">9783743212800</marc:subfield>
   </marc:datafield>
   <marc:datafield ind1=" " ind2=" " tag="020">
      <marc:subfield code="a">3743212803</marc:subfield>
      <marc:subfield code="9">3743212803</marc:subfield>
   </marc:datafield>
   <marc:datafield ind1=" " ind2=" " tag="300">
      <marc:subfield code="a">78 Seiten : Illustrationen</marc:subfield>
   </marc:datafield>
</marc:record>
